Problemática de contaminación ambiental en la ciudad de Cartagena de Indias generada por los entes industriales / (Registro nro. 5881)
[ vista simple ]
| 000 -LEADER | |
|---|---|
| fixed length control field | 02578nam a2200277 i 4500 |
| 005 - DATE AND TIME OF LATEST TRANSACTION | |
| control field | 20250329165508.0 |
| 007 - PHYSICAL DESCRIPTION FIXED FIELD--GENERAL INFORMATION | |
| fixed length control field | ta |
| 008 - FIXED-LENGTH DATA ELEMENTS--GENERAL INFORMATION | |
| fixed length control field | 200622s2021 000 0 eng d |
| 040 ## - CATALOGING SOURCE | |
| Original cataloging agency | CO-CtgCURN |
| Language of cataloging | spa |
| Transcribing agency | coctgcurn |
| Description conventions | rda |
| 082 0# - DEWEY DECIMAL CLASSIFICATION NUMBER | |
| Classification number | TCS 2021 |
| Item number | V335 |
| 100 1# - MAIN ENTRY--PERSONAL NAME | |
| Personal name | Vásquez Chávez, Sebastián David, |
| Relator term | author. |
| Relationship | aut |
| 245 10 - TITLE STATEMENT | |
| Title | Problemática de contaminación ambiental en la ciudad de Cartagena de Indias generada por los entes industriales / |
| Statement of responsibility, etc. | Sebastián David Vásquez Chávez; Roxanna Yanes Vergara. |
| 260 ## - PUBLICATION, DISTRIBUTION, ETC. | |
| Place of publication, distribution, etc. | Cartagena de Indias : |
| Name of publisher, distributor, etc. | Corporación Universitaria Rafael Núñez, |
| Date of publication, distribution, etc. | 2021. |
| 260 #4 - PUBLICATION, DISTRIBUTION, ETC. | |
| Date of publication, distribution, etc. | ©2021. |
| 300 ## - PHYSICAL DESCRIPTION | |
| Extent | 17 hojas. |
| 336 ## - CONTENT TYPE | |
| Content type term | text |
| Content type code | txt |
| Source | rdacontent |
| 337 ## - MEDIA TYPE | |
| Media type term | unmediated |
| Media type code | n |
| Source | rdamedia |
| 338 ## - CARRIER TYPE | |
| Carrier type term | volume |
| Carrier type code | nc |
| Source | rdacarrier |
| 502 ## - DISSERTATION NOTE | |
| Dissertation note | Trabajo de grado (Tecnologo en contabilidad sistematizada). Corporación Universitaria Rafael Núñez. Facultad de Ciencias Administrativas y Contables. Programa de Tecnología en Contabilidad Sistematizada, 2021. |
| 520 8# - SUMMARY, ETC. | |
| Summary, etc. | "En la elaboración de este proyecto investigativo se busca analizar la problemática ambiental generada por la labor de los entes industriales en la ciudad de Cartagena de Indias, en primera instancia, se identifican los efectos ambientales que originan la contaminación en Cartagena, posteriormente describiendo el impacto generado en el entorno ambiental de la ciudad y sus habitantes, finalmente exponiendo la diferentes medidas y sanciones que han tomado los entes reguladores con el fin de mitigar la problemática ambiental. Se utilizaron para la elaboración de este proyecto instrumentos como documentos con énfasis en la temática de la problemática ambiental de Cartagena de Indias, así como artículos que evidencian el daño ambiental de la ciudad generado por la labor de los entes industriales, Se determino mediante los resultados presentados con la elaboración de este proyecto que las medidas y sanciones implementadas ayudan a que las entidades industriales se concienticen de realizar sus procesos de desechos tóxicos y gases contaminantes de manera correcta evitando afectar sus entornos ambientales." |
| 650 #0 - SUBJECT ADDED ENTRY--TOPICAL TERM | |
| Topical term or geographic name entry element | Contabilidad sistematizada |
| General subdivision | Tesis y disertaciones académicas. |
| 700 1# - ADDED ENTRY--PERSONAL NAME | |
| Personal name | Yanes Vergara, Roxanna. |
| 856 7# - ELECTRONIC LOCATION AND ACCESS | |
| Uniform Resource Identifier | <a href="https://unicurn.sharepoint.com/:b:/s/biblioteca/ERNayO1QMGZEnWVJ--_uIMYBb7-gjA7Y2gs24DPGL7GZvg?e=feRQJa">https://unicurn.sharepoint.com/:b:/s/biblioteca/ERNayO1QMGZEnWVJ--_uIMYBb7-gjA7Y2gs24DPGL7GZvg?e=feRQJa</a> |
| Public note | Click aqui para ver el recurso en texto completo |
| 942 ## - ADDED ENTRY ELEMENTS (KOHA) | |
| Koha item type | Trabajos de grado |
| Classification part | TCS 2021 |
| Item part | V335 |
| Institution code [OBSOLETE] | MHC |
| -- | MHC |
| Source of classification or shelving scheme | Dewey Decimal Classification |
| Withdrawn status | Lost status | Source of classification or shelving scheme | Damaged status | Not for loan | Collection | Home library | Current library | Shelving location | Date acquired | Total checkouts | Full call number | Barcode | Date last seen | Price effective from | Koha item type |
|---|---|---|---|---|---|---|---|---|---|---|---|---|---|---|---|
| Dewey Decimal Classification | Trabajos de grado | Miguel Henríquez Castañeda | Miguel Henríquez Castañeda | Trabajo de grado | 03/29/2025 | TCS 2021 V335 | 023516 | 03/29/2025 | 03/29/2025 | Trabajos de grado |